Countries with L.D.S Temples - Statistics

General Stats
  • This quiz has been taken 120 times
    81 since last reset
  • The average score is 68 of 74
Answer Stats
Continent Country % Correct
Oceania Australia
100%
Europe Belgium
100%
North America Canada
100%
South America Chile
100%
South America Colombia
100%
Africa Democratic Republic of the Congo
100%
Europe Germany
100%
Africa Ghana
100%
North America Guatemala
100%
North America Honduras
100%
Europe Italy
100%
Oceania New Zealand
100%
North America Nicaragua
100%
Europe Norway
100%
North America Panama
100%
South America Paraguay
100%
South America Peru
100%
Oceania Samoa
100%
Africa South Africa
100%
Europe Spain
100%
Europe Sweden
100%
Oceania Tonga
100%
Europe United Kingdom
100%
South America Uruguay
100%
South America Venezuela
100%
South America Argentina
96%
South America Bolivia
96%
South America Brazil
96%
Asia China
96%
South America Ecuador
96%
Oceania Fiji
96%
Europe Finland
96%
Europe France
96%
Europe Ireland
96%
Asia Japan
96%
Africa Kenya
96%
North America Mexico
96%
Africa Nigeria
96%
Europe Portugal
96%
Africa Republic of the Congo
96%
Europe Russia
96%
North America United States
96%
North America Dominican Republic
92%
North America El Salvador
92%
North America Haiti
92%
Asia India
92%
Europe Netherlands
92%
Europe Austria
88%
North America Costa Rica
88%
Europe Denmark
88%
Europe Hungary
88%
Asia Indonesia
88%
Oceania Kiribati
88%
Oceania Papua New Guinea
88%
Asia Philippines
88%
Asia Singapore
88%
Asia South Korea
88%
Asia Thailand
88%
Africa Uganda
88%
Oceania Vanuatu
88%
Africa Angola
84%
Asia Cambodia
84%
Africa Ivory Coast
84%
Europe Switzerland
84%
Africa Zimbabwe
84%
Africa Madagascar
80%
Africa Mozambique
80%
Asia Taiwan
80%
Europe Ukraine
80%
Asia United Arab Emirates
76%
Africa Liberia
72%
Africa Sierra Leone
72%
Africa Cape Verde
68%
Asia Mongolia
64%
No matching quizzes found
Score Distribution
Percent of People with Each Score
Percentile by Number Answered
Your Score History
You have not taken this quiz since the last reset